[Event "WIO (Open)"]
[Site "Boise, ID"]
[Date "2010.12.11"]
[Round "3.2"]
[White "Abernathy, Caleb Patrick"]
[Black "Douglas, Kurt P"]
[Result "1/2-1/2"]
[WhiteElo "1512"]
[BlackElo "1693"]

1. d4 Nf6 2. Nf3 e6 3. e3 d5 4. Bd3 c5 5. b3 Nbd7 6. Bb2 Bd6 7. Nbd2 cxd4 8.
exd4 O-O 9. O-O b6 10. Ne5 Bb7 11. Qe2 Rc8 12. Rac1 Rc7 13. f4 h6 14. g4 Be7
15. Rf3 Nxe5 16. fxe5 Nh7 17. Rg3 Bh4 18. Rh3 Bg5 19. Rf1 Bxd2 20. Qxd2 Ng5
21. Re3 f6 22. Ba3 Rff7 23. Bg6 Ne4 24. Bxf7+ Rxf7 25. Qg2 b5 26. Bb2 Qa5 27.
a3 b4 28. a4 Qb6 29. exf6 gxf6 30. Rh3 Ba6 31. Re1 Kh7 32. Rxe4 dxe4 33. Qxe4+
f5 34. gxf5 Bb7 35. Qxe6 Qxe6 36. fxe6 Rg7+ 37. Rg3 Re7 38. d5 Bxd5 39. Rd3
Bxe6 40. Re3 Re8 41. Bd4 Rg8+ 42. Rg3 Rxg3+ 43. hxg3 Bf5 44. c4 bxc3 45. Bxc3
Bc2 46. b4 Bxa4 47. Kf2 Bb5 48. g4 Kg6 49. Kg3 h5 {#d} 1/2-1/2

[Event "WIO (Open)"]
[Site "Boise, ID"]
[Date "2010.12.12"]
[Round "4.4"]
[White "Johnson, Paul M"]
[Black "Abernathy, Caleb Patrick"]
[Result "1-0"]
[WhiteElo "1993"]
[BlackElo "1512"]

1. d4 d5 2. Nf3 Nf6 3. g3 Bg4 4. Ne5 Nbd7 5. Bg2 e6 6. c4 Bd6 7. Nxg4 Nxg4 8.
e4 Bb4+ 9. Nc3 Nh6 10. exd5 Bxc3+ 11. bxc3 Qf6 12. dxe6 Qxe6+ 13. Qe2 Qxe2+
14. Kxe2 O-O-O 15. Bxh6 gxh6 16. Rhe1 Rhe8+ 17. Kf1 Nb6 18. c5 Na4 19. Rac1
Rxe1+ 20. Kxe1 Re8+ 21. Kd2 b5 22. Bc6 Rd8 23. Ke3 Rg8 24. Bxb5 Nb2 25. Rc2 c6
26. Ba6+ {#r} 1-0

[Event "WIO (Open)"]
[Site "Boise, ID"]
[Date "2010.12.12"]
[Round "5.4"]
[White "Carr, John B"]
[Black "Abernathy, Caleb Patrick"]
[Result "0-1"]
[WhiteElo "1755"]
[BlackElo "1512"]

1. d4 e6 2. c4 Nf6 3. Nc3 Bb4 4. Bg5 h6 5. Bh4 g5 6. Bg3 Ne4 7. Qc2 d5 8. e3
c5 9. Bxb8 Rxb8 10. Bd3 Bxc3+ 11. bxc3 Qa5 12. Ne2 f5 13. O-O O-O 14. f3 Nd6
15. cxd5 c4 16. e4 cxd3 17. Qxd3 exd5 18. e5 Nc4 19. f4 g4 20. Ng3 Be6 21. Nh5
Qd8 22. h3 Qh4 23. hxg4 Qxg4 24. Nf6+ Rxf6 25. exf6 Kf7 26. Rab1 Nd6 27. Rb2
Kxf6 28. Rf3 Rg8 29. Qe2 b6 30. Qe5+ Ke7 31. Re2 Ne4 32. Qc7+ Kf6 33. Qe5+ Kf7
34. Qc7+ Kg6 35. Qe7 Nf6 36. Qxe6 Re8 37. Qxe8+ Nxe8 38. Rxe8 Qh4 39. Re6+ Kf7
40. Rc6 Qe1+ 41. Kh2 Qe2 {(This is the point where the Saitek clock somehow
re-set itself to 3 minutes per side. White had 12 minutes 30 seconds left, and
Black had 32 minutes left. -- Roland)} 42. Rh3 h5 43. Rc7+ Ke6 44. Rxa7 Kd6
45. Rg3 Kc6 46. Rg6+ Kb5 47. Rb7 Kc4 48. Rc6+ Kd3 49. Rbxb6 Qxa2 50. Rc5 Qf2
51. Rxd5 Qxf4+ 52. Kg1 Kxc3 53. Rbb5 Qe3+ 54. Kh2 f4 55. Rxh5 Kxd4 56. Rb4+
Kc3 57. Rh3 Kxb4 58. Rxe3 fxe3 59. Kg1 Kc3 {#R} 0-1

[Event "Lang Invitational #1"]
[Site "Meridian, ID"]
[Date "2011.01.29"]
[Round "1.1"]
[White "Longhurst, Corey Kenneth"]
[Black "Abernathy, Michaela R"]
[Result "0-1"]
[WhiteElo "1243"]
[BlackElo "1055"]

{Game/30} 1. d4 d5 2. c4 dxc4 3. Nc3 e6 4. e4 Bb4 5. Bxc4 Nc6 6. d5 Ne5 7. Bb3
exd5 8. Bxd5 Nf6 9. Qb3 Bxc3+ 10. bxc3 c6 11. Bc4 Nxe4 12. Ba3 Nxc4 13. Qxc4
Qd2+ {#R} 0-1

[Event "Lang Invitational #1"]
[Site "Meridian, ID"]
[Date "2011.01.29"]
[Round "1.3"]
[White "Abernathy, Caleb Patrick"]
[Black "Lang, Jamie"]
[Result "1/2-1/2"]
[WhiteElo "1609"]
[BlackElo "1337"]

{Game/30} 1. Nf3 d5 2. g3 Nf6 3. d3 Bg4 4. Bg2 Bxf3 5. exf3 e6 6. O-O Bc5 7.
Bg5 h6 8. Bf4 O-O 9. c3 Nbd7 10. b4 Bb6 11. Nd2 c6 12. Re1 Re8 13. Nb3 e5 14.
Be3 Qc7 15. Qc2 c5 16. bxc5 Nxc5 17. Rac1 Re6 18. Bh3 Rc6 19. Nxc5 Bxc5 20.
Bxc5 Rxc5 21. Qb3 d4 22. c4 b5 23. a4 a6 24. Rc2 Rb8 25. Rb1 b4 26. Re1 a5 27.
Rce2 g5 28. Bf5 Re8 29. f4 gxf4 30. gxf4 Kh8 31. Qd1 Rg8+ 32. Kh1 Ng4 33. Bxg4
Rxg4 34. Rxe5 Qc6+ 35. R1e4 Rxf4 36. Re8+ Kh7 37. Qg1 Rg5 38. Qf1 f5 39. R8e6
Qa8 40. Re8 Qc6 41. R8e6 Qa8 42. Re7+ Rg7 43. Rxg7+ Kxg7 44. Qg2+ Kf6 45. Re6+
Kxe6 46. Qxa8 Rxf2 {(stopped recording - less than 5 minutes on clock)} {#d}
1/2-1/2

[Event "Lang Invitational #1"]
[Site "Meridian, ID"]
[Date "2011.01.29"]
[Round "2.1"]
[White "Lang, Jamie"]
[Black "Abernathy, Michaela R"]
[Result "1-0"]
[WhiteElo "1337"]
[BlackElo "1055"]

{Game/30} 1. e4 e5 2. d4 exd4 3. c3 dxc3 4. Bc4 cxb2 5. Bxb2 Nc6 6. Nf3 Bb4+
7. Kf1 d6 8. Bxg7 Be6 9. Bxe6 fxe6 10. Bxh8 Qe7 11. Bc3 Bc5 12. Bd4 Bb4 13. a3
Ba5 14. Qb3 Nxd4 15. Nxd4 Qf6 16. Qxe6+ Qxe6 17. Nxe6 Kd7 18. Ng5 Nf6 19. Ke2
Re8 20. f3 Rg8 21. h4 h6 22. Nh3 Rxg2+ 23. Kf1 Rc2 24. Nf4 Bb6 25. Ne2 d5 26.
Nbc3 d4 27. Rd1 c5 28. Rg1 Ke6 29. Nf4+ Ke5 30. Ncd5 Nxd5 31. Nxd5 Ba5 32. Rg6
Rd2 33. Rb1 b6 34. Rxh6 d3 35. Rg6 Rc2 36. Ne3 Re2 37. Nc4+ Kd4 38. Nxa5 bxa5
39. Rd1 Kc3 40. Rg2 Rxg2 41. Kxg2 Kc2 42. Rh1 d2 43. e5 d1=Q 44. Rxd1 Kxd1 45.
e6 c4 46. e7 c3 47. e8=Q c2 48. Qa4 Kd2 49. Qxc2+ Kxc2 50. h5 Kb3 51. h6 Kxa3
52. h7 a4 53. h8=Q {(stopped recording - less than 5 minutes on clock)} {#r}
1-0

[Event "Lang Invitational #1"]
[Site "Meridian, ID"]
[Date "2011.01.29"]
[Round "2.2"]
[White "Kircher, Caleb Paul"]
[Black "Abernathy, Caleb Patrick"]
[Result "1/2-1/2"]
[WhiteElo "1760"]
[BlackElo "1609"]

{Game/30} 1. e4 d6 2. d4 e5 3. dxe5 dxe5 4. Qxd8+ Kxd8 5. Bc4 f6 6. Be3 Bd7 7.
Nc3 a6 8. O-O-O b5 9. Be6 Bd6 10. Bxd7 Nxd7 11. Nd5 Ne7 12. Nb6 Nxb6 13. Bxb6
Kd7 14. Bc5 Kc6 15. Bxd6 cxd6 16. Ne2 Rhd8 17. Nc3 b4 18. Nd5 Nxd5 19. Rxd5
Rab8 20. Rhd1 Rb5 21. Rxb5 Kxb5 22. Rd5+ Kc6 23. Kd2 Rb8 24. Kd3 Rb5 25. Kc4
Rc5+ 26. Rxc5+ dxc5 27. c3 bxc3 28. bxc3 Kd6 29. Kb3 h5 30. Ka4 Kc6 31. Ka5
Kb7 32. Ka4 Kb6 33. Kb3 Kb5 34. a4+ Kb6 35. Kc4 Kc6 36. a5 Kd6 37. h4 g5 38.
g3 g4 39. Kd3 Kc6 40. c4 Kd6 41. Ke3 Kc6 42. f4 Kd6 43. Kf2 Ke6 {#d} 1/2-1/2

[Event "Lang Invitational #1"]
[Site "Meridian, ID"]
[Date "2011.01.29"]
[Round "3.1"]
[White "Abernathy, Michaela R"]
[Black "Edvalson, Paul F"]
[Result "0-1"]
[WhiteElo "1055"]
[BlackElo "1447"]

{Game/30} 1. e4 e5 2. Nf3 Nc6 3. Bb5 a6 4. Bxc6 dxc6 5. Nc3 Bd6 6. d4 f6 7.
dxe5 fxe5 8. Bg5 Nf6 9. Qd2 Bg4 10. Nh4 h6 11. Bxf6 Qxf6 12. g3 O-O-O 13. f3
g5 14. fxg4 gxh4 15. Rf1 Qe6 16. O-O-O hxg3 17. hxg3 Bb4 18. Qf2 Kb8 19. Qf5
Qc4 20. Qxe5 Bxc3 21. Qxc3 Qxa2 22. b3 Qa3+ 23. Qb2 Qc5 24. Rxd8+ Rxd8 25. Rd1
Qe3+ 26. Kb1 Rxd1+ 27. Ka2 Qc1 28. Qxc1 Rxc1 29. Kb2 Re1 30. Kc3 Rxe4 31. Kd3
Rxg4 32. Ke3 Rxg3+ 33. Kf4 Rg8 34. c4 h5 35. b4 h4 36. b5 h3 37. bxa6 h2 38.
axb7 h1=Q {#R} 0-1

[Event "Lang Invitational #1"]
[Site "Meridian, ID"]
[Date "2011.01.29"]
[Round "3.2"]
[White "Abernathy, Caleb Patrick"]
[Black "Longhurst, Corey Kenneth"]
[Result "1-0"]
[WhiteElo "1609"]
[BlackElo "1243"]

{Game/30} 1. e4 e5 2. Nf3 Nc6 3. Bc4 Na5 4. Qe2 d6 5. b4 Nxc4 6. Qxc4 Be6 7.
Qb5+ Bd7 8. Qxb7 Nf6 9. d3 h6 10. Nc3 c6 11. Qa6 Qc7 12. Be3 Be7 13. O-O O-O
14. Rad1 d5 15. exd5 cxd5 16. Nb5 Bxb5 17. Qxb5 Rab8 18. Qa4 Rxb4 19. Qxa7
Qxa7 20. Bxa7 Bd6 21. Rb1 Ra4 22. d4 Rxa7 23. dxe5 Bxe5 24. Nxe5 Rxa2 25. c4
dxc4 26. Nxc4 Rc2 27. Ne3 Rc5 28. Rb7 Rfc8 29. g3 R8c7 30. Rfb1 Rc1+ 31. Rxc1
Rxc1+ 32. Kg2 Rc8 33. Nf5 Rd8 34. Ne7+ Kf8 35. Nc6 Re8 36. f4 Re6 37. Ne5 Re7
38. Rb8+ Re8 39. Rb4 Nd5 40. Rd4 Ne3+ 41. Kf3 Nf5 42. Rd7 Re7 43. Rd5 h5 44.
Nc4 g6 45. h3 Nh6 46. Nb6 Kg7 47. Nc8 Re8 48. Na7 Re7 49. Nc8 Re8 50. Nd6 Re6
51. Ne4 Nf5 52. g4 Ne7 53. Rd7 hxg4+ 54. hxg4 f6 55. Nc5 Rc6 56. Rxe7+ Kf8 57.
Re6 Rxc5 58. Rxf6+ Kg7 59. Rb6 Rc7 60. Ke4 Re7+ 61. Kd5 Rf7 62. Ke5 Re7+ 63.
Re6 Rf7 64. g5 Rf5+ 65. Ke4 Rf7 66. Re5 Rf8 67. Re7+ Rf7 68. Rxf7+ Kxf7 69.
Kd5 Ke7 70. Ke5 Kf7 71. Kd6 Kf8 72. Ke6 Kg7 73. Ke7 {(time)} {#r} 1-0

[Event "Lang Invitational #1"]
[Site "Meridian, ID"]
[Date "2011.01.29"]
[Round "4.1"]
[White "Abernathy, Michaela R"]
[Black "Kircher, Caleb Paul"]
[Result "0-1"]
[WhiteElo "1055"]
[BlackElo "1760"]

{Game/30} 1. e4 d5 2. exd5 Nf6 3. Nf3 Bg4 4. h3 Bxf3 5. Qxf3 Qxd5 6. Qxd5 Nxd5
7. Bc4 Nb6 8. Bb3 Nc6 9. Nc3 e6 10. d3 Bb4 11. Bd2 O-O-O 12. O-O-O Rhe8 13.
Nb5 Bxd2+ 14. Rxd2 a6 15. Nc3 Nd4 16. Ba4 c6 17. Bb3 Nxb3+ 18. axb3 Rd4 19.
Re1 Red8 20. Ne2 R4d7 21. Ng3 Rd5 22. Rdd1 h6 23. Kd2 Kc7 24. Kc1 Nc8 25. Kb1
Ne7 26. Kc1 Nf5 27. Ne4 b6 28. Re2 Nd4 29. Ree1 Kd7 30. Nc3 Rf5 31. Ne4 Kc7
32. Kb1 a5 33. c3 Nxb3 34. Kc2 Nc5 35. g4 Rf4 36. Re2 Nxe4 37. dxe4 Rxd1 38.
Kxd1 Rf3 39. h4 b5 40. Ke1 Rh3 41. h5 Rd3 42. Rd2 Rxd2 43. Kxd2 e5 44. Kd3 Kd6
45. b3 Kc5 46. Ke3 a4 47. b4+ Kc4 48. Kd2 Kb3 49. f3 a3 50. Ke3 a2 51. f4
exf4+ 52. Kxf4 a1=B 53. Kf5 Bxc3 54. e5 Kxb4 55. e6 fxe6+ 56. Kxe6 Bf6 {#R}
0-1

[Event "Lang Invitational #1"]
[Site "Meridian, ID"]
[Date "2011.01.29"]
[Round "4.2"]
[White "Edvalson, Paul F"]
[Black "Abernathy, Caleb Patrick"]
[Result "1-0"]
[WhiteElo "1447"]
[BlackElo "1609"]

{Game/30} 1. d4 Nf6 2. Nf3 e6 3. Bg5 Be7 4. Nbd2 h6 5. Bh4 g5 6. Bg3 g4 7. Ne5
d6 8. Nd3 b6 9. e4 Bb7 10. e5 Ne4 11. Nxe4 Bxe4 12. Qxg4 Bxd3 13. Bxd3 dxe5
14. Bxe5 Bf6 15. Qf3 Nd7 16. Bxc7 Qc8 17. c3 Ke7 18. Bg3 Rg8 19. O-O Bh4 20.
Rfe1 Bxg3 21. hxg3 h5 22. d5 Nf6 23. Rad1 h4 24. dxe6 fxe6 25. Bf5 hxg3 26.
Rxe6+ Qxe6 27. Bxe6 gxf2+ 28. Kxf2 Kxe6 29. Qc6+ Kf7 30. Kg1 Rac8 31. Qb7+ Kg6
32. Rd6 Rce8 33. Qc6 Ref8 34. Qe4+ Kg5 35. Qe5+ Kg6 36. g4 Rh8 37. g5 Rh5 38.
Rxf6+ Rxf6 39. Qxf6+ {#r} 1-0

[Event "Idaho Closed"]
[Site "Twin Falls, ID"]
[Date "2011.02.19"]
[Round "2.3"]
[White "Baggett, Jeff M"]
[Black "Abernathy, Caleb Patrick"]
[Result "0-1"]
[WhiteElo "1696"]
[BlackElo "1609"]

1. e4 d5 2. e5 Bf5 3. f4 e6 4. Nf3 f6 5. Be2 Nh6 6. h3 Nd7 7. d4 c5 8. Be3 Be4
9. c4 Nf5 10. Bf2 Bxf3 11. Bxf3 Qa5+ 12. Nc3 cxd4 13. Bxd4 Nxd4 14. Qxd4 Bc5
15. Qd3 d4 16. exf6 dxc3 17. bxc3 Nxf6 18. Bxb7 Rd8 19. Bc6+ Ke7 20. Qf3 Qa3
21. Qg3 Bf2+ 22. Qxf2 Qxc3+ 23. Kf1 Qxa1+ 24. Ke2 Qxa2+ 25. Kf3 Rd3+ {#R} 0-1

[Event "Idaho Closed"]
[Site "Twin Falls, ID"]
[Date "2011.02.20"]
[Round "3.1"]
[White "Abernathy, Caleb Patrick"]
[Black "Carr, John B"]
[Result "1-0"]
[WhiteElo "1609"]
[BlackElo "1732"]

1. d4 Nf6 2. Nf3 d5 3. e3 Bg4 4. Nbd2 e6 5. Bd3 c5 6. b3 Nc6 7. Bb2 cxd4 8.
exd4 Nb4 9. Bb5+ Nc6 10. h3 Bxf3 11. Bxc6+ bxc6 12. Nxf3 Bd6 13. O-O O-O 14.
Qd3 Qc7 15. c4 Rfb8 16. cxd5 cxd5 17. Rfc1 Qb7 18. b4 Rc8 19. Ne5 Rxc1+ 20.
Rxc1 Rc8 21. Rxc8+ Qxc8 22. f3 h6 23. b5 Qc7 24. Qc3 Bxe5 25. dxe5 Qb6+ 26.
Qd4 Nd7 27. Qxb6 axb6 28. Bd4 Kf8 29. Kf2 Ke7 30. a4 Kd8 31. h4 Kc7 32. Ke3 f6
33. f4 f5 34. h5 Kb7 35. Kf3 Nc5 36. a5 Nd7 37. a6+ Ka7 38. g4 fxg4+ 39. Kxg4
Nc5 40. f5 exf5+ 41. Kxf5 Nxa6 42. Bxb6+ Kxb6 43. bxa6 {#r} 1-0

[Event "Idaho Closed"]
[Site "Twin Falls, ID"]
[Date "2011.02.20"]
[Round "4.1"]
[White "Parsons, Larry R"]
[Black "Abernathy, Caleb Patrick"]
[Result "1-0"]
[WhiteElo "2005"]
[BlackElo "1609"]

1. c4 d6 2. d4 Nf6 3. Nc3 Bf5 4. f3 h6 5. e4 Bg6 6. Be3 e6 7. Bd3 c5 8. Nge2
cxd4 9. Nxd4 Nc6 10. O-O Be7 11. b4 O-O 12. b5 Nxd4 13. Bxd4 d5 14. cxd5 exd5
15. e5 Bxd3 16. exf6 Bxf1 17. fxe7 Qxe7 18. Qxf1 Qb4 19. Qd3 Rfe8 20. Rb1 Qd6
21. b6 a6 22. Ne2 Re6 23. Ng3 g6 24. Bc3 Qc5+ 25. Qd4 Rc8 26. Qxc5 Rxc5 27.
Bd4 Rc4 28. Rd1 Rxd4 29. Rxd4 Rxb6 30. Rd2 Rb1+ 31. Kf2 Kg7 32. Ke3 Kf6 33.
Rxd5 Ke6 34. Rd3 Rb2 35. Rd2 Rb1 36. Ne4 b6 37. Nc3 Rc1 38. Kd4 b5 39. Re2+
Kd6 40. Ne4+ Kc6 41. Ke5 f5 42. Nf2 Kb6 43. Kf6 Rc6+ 44. Re6 Rxe6+ 45. Kxe6
Kc5 46. Nd3+ Kc4 47. Ne5+ Kc3 48. Kd5 b4 49. Nc4 b3 50. axb3 Kxb3 51. Kc5 Kc2
52. Ne5 Kd2 53. Nxg6 Ke3 54. f4 Ke4 55. Kb6 Kd5 56. Kxa6 Ke6 57. Kb5 Kf6 58.
Nh4 {#r} 1-0

[Event "Idaho Closed"]
[Site "Twin Falls, ID"]
[Date "2011.02.21"]
[Round "5.3"]
[White "Abernathy, Caleb Patrick"]
[Black "Hamilton, Brett B"]
[Result "1-0"]
[WhiteElo "1609"]
[BlackElo "1951"]

1. e4 e5 2. Nf3 Nc6 3. Bc4 Be7 4. d4 exd4 5. Nxd4 Ne5 6. Bb3 d6 7. O-O c5 8.
f4 c4 9. Ba4+ Bd7 10. Bxd7+ Nxd7 11. Nf5 Bf8 12. Nxd6+ Bxd6 13. Qxd6 Qb6+ 14.
Qxb6 Nxb6 15. Be3 Nf6 16. Bxb6 axb6 17. Nc3 O-O 18. e5 Nd7 19. Rad1 Nc5 20.
Rd6 Rfd8 21. Rfd1 Rxd6 22. Rxd6 Kf8 23. Rxb6 Ra6 24. Rb4 Ke7 25. Rxc4 Rc6 26.
Kf2 f5 27. exf6+ Kxf6 28. b4 Ne6 29. Rxc6 bxc6 {#r} 1-0

[Event "Idaho Closed"]
[Site "Twin Falls, ID"]
[Date "2011.02.21"]
[Round "6.2"]
[White "Abernathy, Caleb Patrick"]
[Black "Douglas, Kurt P"]
[Result "1-0"]
[WhiteElo "1609"]
[BlackElo "1671"]

1. e4 c5 2. Nf3 d6 3. c3 Nf6 4. e5 dxe5 5. Nxe5 Nbd7 6. Bb5 a6 7. Bxd7+ Bxd7
8. O-O e6 9. d4 cxd4 10. Qxd4 Bb5 11. Qxd8+ Rxd8 12. c4 Bd6 13. Nxf7 Kxf7 14.
cxb5 axb5 15. Nc3 b4 16. Nb5 Bc5 17. Be3 b6 18. Bxc5 bxc5 19. Rac1 Rd2 20.
Rxc5 Rxb2 21. Rc7+ Kg6 22. Nd4 Re8 23. f4 Nd5 24. f5+ exf5 25. Rc6+ Nf6 26.
Nxf5 Ree2 27. Nh4+ Kh6 28. Rc7 Nd5 29. Nf5+ Kg6 30. Rxg7+ Kf6 31. Rg8 Kf7 32.
Nh6+ Ke6 33. Nf5 Kf7 34. Rg3 Nf6 35. Ne3 Rxa2 36. Nd5 Re6 37. Rgf3 Raa6 38.
Nxb4 Rad6 39. Nd3 Ke7 40. Re1 Rxe1+ 41. Nxe1 Kf7 42. Kf2 Kg6 43. Nd3 Ne4+ 44.
Ke3 Ng5 45. Rg3 Kf6 46. Nc5 Rd5 47. Ne4+ Nxe4 48. Kxe4 Re5+ 49. Kf3 Ra5 50.
Kg4 Kg6 51. Kh3+ Kh5 52. Rg7 Kh6 53. Rg8 Ra3+ 54. g3 Ra2 55. Rb8 Kg7 56. Rb1
Kg6 57. g4 h6 58. Kg3 Ra3+ 59. Kh4 Ra5 60. Rb6+ Kg7 61. h3 Rc5 62. Rb7+ Kg6
63. Rb8 Ra5 64. Rb3 Rb5 {#r} 1-0

[Event "Lang Invitational #3"]
[Site "Meridian, ID"]
[Date "2011.03.05"]
[Round "1.1"]
[White "Abernathy, Caleb Patrick"]
[Black "Longhurst, Corey Kenneth"]
[Result "1-0"]
[WhiteElo "1739"]
[BlackElo "1242"]

1. e4 c5 2. Nf3 d6 3. c3 Nc6 4. Bb5 Bd7 5. d4 cxd4 6. cxd4 Nf6 7. Nc3 a6 8.
Bxc6 Bxc6 9. d5 Bd7 10. Be3 Qa5 11. O-O g6 12. Qb3 b5 13. a4 b4 14. Na2 Nxe4
15. Bd4 f6 16. Nxb4 Nc5 17. Bxc5 Qxc5 18. Rac1 Qb6 19. Qa3 Bh6 20. Rc4 O-O 21.
Nc6 Rfe8 22. Nfd4 Rac8 23. Re1 Kf7 24. Rb4 Qc7 25. Qb3 Bxc6 26. dxc6+ Kg7 27.
Ne6+ Kh8 28. Nxc7 Rxc7 29. Rb8 {#r} 1-0

[Event "Lang Invitational #3"]
[Site "Meridian, ID"]
[Date "2011.03.05"]
[Round "1.2"]
[White "Abernathy, Michaela R"]
[Black "Roland, Jeffrey T"]
[Result "0-1"]
[WhiteElo "1087"]
[BlackElo "1700"]

1. d4 Nf6 2. Nf3 g6 3. e3 Bg7 4. Bd3 O-O 5. Nbd2 d6 6. b3 c5 7. Bb2 Nc6 8. a3
Bg4 9. c4 cxd4 10. exd4 Nd7 11. Qc2 Qb6 12. d5 Nd4 13. Nxd4 Bxd4 14. Bxd4 Qxd4
15. O-O Nc5 16. b4 Qxd3 17. Qxd3 Nxd3 18. f3 Bd7 19. Nb3 Rac8 20. Nd2 b5 21.
cxb5 Rc2 22. Ne4 Bxb5 23. Nf2 Nf4 24. Rfd1 Ne2+ 25. Kh1 Nc3 26. Rd4 Rxf2 27.
h3 Ne2 28. Rdd1 Rc8 29. Rf1 Rxf1+ 30. Rxf1 Ng3+ 31. Kg1 Nxf1 32. g4 Rc2 33. f4
Ne3 34. h4 Rg2+ 35. Kh1 Bf1 36. h5 Nd1 37. hxg6 Nf2# 0-1

[Event "Lang Invitational #3"]
[Site "Meridian, ID"]
[Date "2011.03.05"]
[Round "2.1"]
[White "Edvalson, Paul F"]
[Black "Abernathy, Caleb Patrick"]
[Result "0-1"]
[WhiteElo "1447"]
[BlackElo "1739"]

1. d4 Nf6 2. Nc3 e6 3. a3 b6 4. e4 d6 5. Bd3 Be7 6. f4 Bb7 7. Nf3 Nbd7 8. O-O
c5 9. e5 Nd5 10. Ne4 cxd4 11. exd6 Bf6 12. Nfg5 h6 13. Nh7 Rxh7 14. Nxf6+
N5xf6 15. Bxh7 Nxh7 16. Qe2 Ndf6 17. f5 Qxd6 18. Bf4 Qd5 19. fxe6 fxe6 20.
Rae1 Kd7 21. Be5 a5 22. Bxd4 Ba6 23. Qf2 Bxf1 24. Rxf1 Rf8 25. Qe3 Ng4 26. Qc3
Rxf1+ 27. Kxf1 Ng5 28. Bxb6 Qd1+ 29. Qe1 Nxh2+ 30. Kf2 Qxc2+ 31. Qe2 Ng4+ 32.
Kf1 Qb1+ 33. Qe1 Qd3+ 34. Kg1 Qd6 35. Bxa5 Qc5+ 36. Kh1 Qe5 37. Qd1+ Ke7 38.
Qxg4 Qxb2 39. Bb4+ Kf7 40. a4 Qa1+ 41. Kh2 Qxa4 42. Qf4+ Kg6 43. Qd4 Qc2 44.
Bc3 Nf3+ 45. Kh3 Nxd4 46. Bxd4 Qd3+ 47. g3 Qxd4 48. g4 Qg1 49. Kh4 h5 50.
gxh5+ Kf5 51. Kh3 Kf4 {#R} 0-1

[Event "Lang Invitational #3"]
[Site "Meridian, ID"]
[Date "2011.03.05"]
[Round "4.4"]
[White "Abernathy, Michaela R"]
[Black "Stark, Jim"]
[Result "0-1"]
[WhiteElo "1087"]
[BlackElo "1651"]

1. d4 d5 2. Nf3 Nf6 3. e3 e6 4. Bd3 Nbd7 5. Nbd2 Be7 6. b3 O-O 7. Bb2 a5 8. c4
b6 9. Qc2 h6 10. O-O Bb7 11. Ne5 dxc4 12. Ndxc4 Bd6 13. f4 b5 14. Nd2 Nd5 15.
Rf3 Nb4 16. Qc3 Nxd3 17. Qxd3 Bxf3 18. Ndxf3 b4 19. Rc1 Nf6 20. Nc6 Qd7 21.
Nfe5 Qe8 22. f5 exf5 23. Qxf5 Qe6 24. Qxe6 fxe6 25. Ng6 Rf7 26. Nce5 Bxe5 27.
Nxe5 Rff8 28. Rxc7 Nd5 29. Rc6 Rfe8 30. Nc4 a4 31. Nb6 a3 32. Bc1 Nxb6 33.
Rxb6 Rac8 34. Bd2 Rc2 35. Bxb4 Rxa2 36. Ra6 Ra1+ 37. Kf2 a2 38. Bc3 Rc1 39.
Rxa2 Rxc3 40. Rb2 Rec8 41. Kf3 Rc2 42. Rb1 Rf8+ 43. Ke4 Rff2 44. b4 Rb2 45.
Rxb2 Rxb2 46. Ke5 Kf7 47. e4 Rxb4 48. d5 Rb5 49. Kd6 exd5 50. exd5 Ke8 51. Kc6
Rb2 52. d6 Kd8 53. g4 Rc2+ 54. Kd5 Rd2+ 55. Ke6 Ke8 56. h4 Re2+ 57. Kd5 Kd7
58. g5 Rd2+ 59. Ke5 Rxd6 60. gxh6 Rxh6 61. Kf5 Rxh4 62. Kg5 Rh1 63. Kg6 Rg1+
64. Kf5 Ke7 65. Kf4 Rf1+ 66. Kg3 Kf7 67. Kh4 Kf6 68. Kh3 Kf5 69. Kg2 Rf4 70.
Kg3 g5 71. Kh2 g4 72. Kg3 Kg5 73. Kg2 Rf6 74. Kh1 Kf4 75. Kg2 Ke3 76. Kg1 Kf3
77. Kh2 Kf2 78. Kh1 Rf3 79. Kh2 Rh3# 0-1

[Event "Idaho Scholastic Ch"]
[Site "Boise, ID"]
[Date "2011.03.19"]
[Round "2.2"]
[White "Altieri, Jonathan"]
[Black "Abernathy, Caleb Patrick"]
[Result "0-1"]
[WhiteElo "699"]
[BlackElo "1609"]

1. e4 e6 2. Nf3 b6 3. g3 Bb7 4. Nc3 Bb4 5. Bg2 Bxc3 6. dxc3 Bxe4 7. Qd4 Nf6 8.
Bg5 Bb7 9. b4 Nc6 10. Qd3 h6 11. Bxf6 Qxf6 12. Rd1 d6 13. Nd4 Qe5+ 14. Ne2 d5
15. b5 Na5 16. Qe3 Qxe3 17. fxe3 Nc4 18. Rd3 a6 19. a4 axb5 20. O-O bxa4 21.
Nc1 Ba6 22. Re1 O-O 23. Rd4 c5 24. Rf4 e5 25. Rf5 g6 26. Rf6 Rad8 27. Nd3 e4
28. Nf4 Kg7 29. Rc6 Bb5 30. Rc7 g5 31. Nh5+ Kg6 32. g4 Rd7 33. Rxd7 Bxd7 34.
h3 f5 35. Ng3 fxg4 36. hxg4 Bxg4 37. Nf1 Bf3 38. Bh3 g4 39. Bg2 Bxg2 40. Kxg2
h5 41. Kg3 Rf3+ 42. Kg2 a3 43. Nh2 Rxe3 44. Rd1 Re2+ 45. Kg1 a2 46. Nf1 Na3
47. Ra1 Rxc2 48. Ne3 Rb2 49. Nd1 Rb1 50. Rxa2 Rxd1+ 51. Kf2 Nc4 52. Ke2 Rd2+
53. Rxd2 Nxd2 54. Kxd2 g3 55. Ke2 Kg5 56. Kf1 e3 57. Ke2 g2 58. c4 g1=Q 59.
cxd5 Qf2+ 60. Kd3 Qd2+ 61. Ke4 e2 62. d6 e1=Q+ 63. Kf3 Qef2+ 64. Ke4 Qfe3# 0-1

[Event "Idaho Scholastic Ch"]
[Site "Boise, ID"]
[Date "2011.03.19"]
[Round "3.2"]
[White "Abernathy, Caleb Patrick"]
[Black "Min, William"]
[Result "1-0"]
[WhiteElo "1609"]
[BlackElo "1259"]

1. d4 d5 2. Nf3 Nc6 3. e3 a6 4. a3 g6 5. Bd3 Bg7 6. Nbd2 e5 7. dxe5 Nxe5 8.
Nxe5 Bxe5 9. Nf3 Bg7 10. h3 Ne7 11. c3 O-O 12. Qc2 Bf5 13. O-O Bxd3 14. Qxd3
c5 15. b4 c4 16. Qc2 b5 17. Nd4 Qd7 18. f3 Nc6 19. Bd2 Nxd4 20. exd4 Rfe8 21.
Bf4 Rad8 22. a4 Re6 23. axb5 axb5 24. Kf2 Rde8 25. g4 Qe7 26. Kg3 g5 27. Bc1
Qd6+ 28. f4 gxf4+ 29. Bxf4 Re3+ 30. Rf3 Rxf3+ 31. Kxf3 Qf6 32. Qf5 Qe7 33.
Qxd5 Qe2+ 34. Kg3 Qd3+ 35. Qf3 Re2 36. Ra8+ Bf8 37. Bh6 Rg2+ 38. Kxg2 Qd2+ 39.
Bxd2 Kg7 40. Rxf8 f5 41. Qb7+ Kg6 42. Qc6+ Kg7 43. Bh6# 1-0

[Event "Idaho Scholastic Ch"]
[Site "Boise, ID"]
[Date "2011.03.19"]
[Round "4.2"]
[White "Ye, Michael"]
[Black "Abernathy, Caleb Patrick"]
[Result "0-1"]
[WhiteElo "1354"]
[BlackElo "1609"]

1. e4 d5 2. exd5 Nf6 3. d4 Nxd5 4. Nf3 Bg4 5. h3 Bxf3 6. Qxf3 Nc6 7. Bc4 Nxd4
8. Qe4 Nf6 9. Qxb7 Nxc2+ 10. Ke2 Nd4+ 11. Ke3 e5 12. Rd1 Bc5 13. Bb5+ Nxb5+
14. Ke2 Nd4+ 15. Rxd4 exd4 16. Qc6+ Nd7 17. Qe4+ Qe7 18. Qxe7+ Kxe7 19. Nd2
Rhe8 20. Nb3 Kd6+ 21. Kd3 Ne5+ 22. Kc2 d3+ 23. Kc3 Bxf2 24. Bf4 Rad8 25. Rd1
Kc6 26. a4 Kd5 27. Rd2 Be1 {#R} 0-1

[Event "Idaho Scholastic Ch"]
[Site "Boise, ID"]
[Date "2011.03.19"]
[Round "5.1"]
[White "Abernathy, Caleb Patrick"]
[Black "Harmon-Vellotti, Carl Honor"]
[Result "0-1"]
[WhiteElo "1609"]
[BlackElo "1847"]

1. d4 Nf6 2. Nf3 e6 3. e3 b6 4. Bd3 Bb7 5. Nbd2 d5 6. a3 c5 7. b3 Nbd7 8. Bb2
Rc8 9. c4 Bd6 10. Rc1 O-O 11. Qc2 cxd4 12. Nxd4 Nc5 13. Nb5 Nxd3+ 14. Qxd3 Bb8
15. O-O a6 16. Nd4 dxc4 17. Qe2 Qd5 18. N4f3 cxb3 19. Bxf6 gxf6 20. e4 Qh5 21.
g3 f5 22. Qe3 fxe4 23. Nxe4 Qf5 24. Nh4 Qe5 25. Qxb6 Qxe4 26. f3 Qd5 27. Rcd1
Qc5+ 28. Qxc5 Rxc5 29. Rd3 Rb5 30. Rb1 b2 31. Rd2 Be5 32. f4 Bg7 33. Re2 Rc8
34. Ree1 Bd5 35. Ng2 Ba2 36. Rbd1 b1=Q 37. Rxb1 Rxb1 {#R} 0-1